000 00703nam a2200229 i 4500
001 150162
003 ES-MaACL
005 20260201161700.0
007 t|
008 071026s1977 sp ||||1| spa d
020 _a84-361-0178-2
080 _a821.134.2(85)-14"19"
100 1 _aVallejo, César,
_d1892-1938
_9112833
245 1 0 _aPoemas humanos /
_cCésar Vallejo ; prólogo de Agustí Bartra.
260 _aBarcelona :
_bPicazo,
_c[1977]
300 _a115 p. ;
_c19 cm.
490 1 _aCuadernos de poesía universal ;
_v2
700 1 _aBartra, Agustí
_926185
830 1 _aCuadernos de poesía universal ;
_v2
_9187595
852 4 _aES-MaACL
_jA-8265
999 _c150162
_d150162